L'Espai públic : ciutat i ciutadania / text [de] Jordi Borja i Zaida Muxí ciutat i ciutadania / text [de] Jordi Borja i Zaida Muxí
ISBN:
84-7794-765-1
Publicado:
[Barcelona] :
Diputació de Barcelona, Area de Cooperació, Oficina Tècnica de Cooperació ,
2001
Descripción Física:
397 p. : il. ; 24 cm
Colección:
Espai públic urbà ; 2
Otros Autores:
Muxí, Zaida
MARC
| LEADER | 00000nam a2200000Ia 4500 | ||
|---|---|---|---|
| 001 | 13107 | ||
| 008 | 160829s2001 xx 000 0 cat d | ||
| 020 | |a 84-7794-765-1 | ||
| 080 | |a B-1-384 | ||
| 100 | |a Borja, Jordi |9 36023 | ||
| 245 | |a L'Espai públic : |b ciutat i ciutadania / text [de] Jordi Borja i Zaida Muxí | ||
| 250 | |a Ed. en català | ||
| 260 | |a [Barcelona] : |b Diputació de Barcelona, Area de Cooperació, Oficina Tècnica de Cooperació, |c 2001 | ||
| 300 | |a 397 p. : |b il. ; |c 24 cm | ||
| 490 | |a Espai públic urbà ; 2 | ||
| 590 | |a Existeix una edició en castellà | ||
| 650 | |a Urbanisme |9 30914 | ||
| 650 | |a Sociologia urbana |9 36646 | ||
| 700 | |a Muxí, Zaida |9 36025 | ||
| 710 | |a Barcelona (Catalunya : Província). |b Oficina Tècnica de Cooperació |9 53580 | ||
| 901 | |a Arxiu | ||
| 942 | |n 1 | ||
| 952 | |0 0 |1 0 |4 0 |6 B1384 |7 1 |9 47410 |a Arxiu |b Arxiu |d 2016-12-01 |l 0 |o B-1-384 |p 13107 |r 2016-12-01 00:00:00 |w 2016-12-01 |y ARXIU | ||
| 999 | |c 51208 |d 51208 | ||